000 00517nam a2200205Ia 4500
003 OSt
005 20230330102331.0
008 210423s2006 xx 000 0 und d
020 _a8125028979
040 _cAL
041 _aeng
082 _a823.08 NAIM
100 _aNAIR (M T Vasudevan);others.
_979978
245 _aKuttiedathi and other stories.
260 _aChenni
_bOrient Longman
_c2006
300 _axii,192
_bPB
365 _b255
_cINR
906 _aKuttiedathi ; other ; stories.
942 _2ddc
_cBK
999 _c156516
_d156516